Hang Tuah Pahlawan Melaka

Bibliographic Details
Main Author: Ahmad Zaid
Format: Book
Published: Kuala Lumpur : Brainmax Enterprise , 2014
Series:Siri Bacaan Lagenda Gemilang
Subjects:

MARC

LEADER 00000cam a2200000 7i4500
001 0000044823
005 20150119.0
008 150119
020 |a 9673820740 
020 |a 9789673820696 (set) 
020 |a 9789673820740 
090 0 0 |a JF CT   |b MAL 
100 1 |a Ahmad Zaid 
245 1 0 |a Hang Tuah Pahlawan Melaka   |c Ahmad Zaid 
260 |a Kuala Lumpur :   |b Brainmax Enterprise ,   |c 2014 
440 |a Siri Bacaan Lagenda Gemilang 
650 0 |a Children's stories, Malay 
650 0 |a Classic Tales, Malay 
999 |a 0001288673   |b Book   |c Teenagers   |e Cawangan Bandar Tenggara 
999 |a 0001288674   |b Book   |c Children Collection   |e Cawangan AEON Kulaijaya 
999 |a 0001288676   |b Book   |c Children Collection   |e Cawangan Taman Universiti 
999 |a 0001288677   |b Book   |c Children Collection   |e Cawangan Tmn. Ungku Tun Aminah 
999 |a 0001288678   |b Book   |c Children Collection   |e Cawangan Pontian 
999 |a 0001288679   |b Book   |c Children Collection   |e Cawangan Kota Tinggi 
999 |a 0001288680   |b Book   |c Children Collection   |e Cawangan Segamat 
999 |a 0001288681   |b Book   |c Children Collection   |e Cawangan Mersing 
999 |a 0001288682   |b Book   |c Children Collection   |e Cawangan Bukit Gambir 
999 |a 0001288683   |b Book   |c Brochure/Pamphlet/Poster   |e Cawangan Bandar Penawar 
999 |a 0001288684   |b Book   |c Chinese Collection   |e Cawangan Tangkak 
999 |a 0001288685   |b Book   |c Children Collection   |e Cawangan Muar